000 00419nam a22001697a 4500
003 CEME
005 20210628205757.0
008 210301b xxu||||| |||| 00| 0 eng d
040 _c.
082 _a891.4393 QAS
100 _aQasmi, Ahmed Nadeem Ahmed Nadeem Qasmi
_976998
245 _aSanata afsanay
260 _aLAHORE
_bASATER
_c1996
300 _a291P
650 _aURDU ADAB-AFSANAY
_958964
942 _cBK
_2ddc
999 _c582314
_d582314